000
00252nam a22001097a 4500
999
_c
260861
_d
260860
020
_a
9780545208147
100
_a
Liz Kessler
245
_a
Philippa Fisher's Fairy Godsister
260
_a
New York
_b
Scholastic
_c
2007
300
_a
274 pgs.
942
_c
BK